Mission to the Lord Sophy of Persia (1539-1542) /

Bibliographic Details
Main Author: Membré, Michele, 1509-1595
Corporate Author: Trustees of the "E.J.W. Gibb Memorial."
Other Authors: Morton, A. H.
Format: Book
Language:English
Published: Warminster : E.J.W. Gibb Memorial Trust, 1999.
Subjects:

MARC

Tag First Indicator Second Indicator Subfields
LEADER 00000cam a2200000 a 4500
001 in00002000225
005 20151031123006.0
008 931203s1999 enkb b 001 0deng d
020 |a 0906094437 
035 |a (OCoLC)ocm43568591 
040 |a ZCU  |c ZCU  |d DGU  |d TXA  |d UtOrBLW 
043 |a a-ir--- 
049 |a TXAM 
090 |a DS257  |b .M4613 1999 
100 1 |a Membré, Michele,  |d 1509-1595. 
240 1 0 |a Relazione di Persia (1542).  |l English 
245 1 0 |a Mission to the Lord Sophy of Persia (1539-1542) /  |c Michele Membré ; translated with introduction and notes by A.H. Morton. 
264 1 |a Warminster :  |b E.J.W. Gibb Memorial Trust,  |c 1999. 
300 |a xxxii, 109 pages :  |b map ;  |c 22 cm. 
336 |a text  |b txt  |2 rdacontent 
337 |a unmediated  |b n  |2 rdamedia 
338 |a volume  |b nc  |2 rdacarrier 
504 |a Includes bibliographical references (pages [101]-104) and index. 
600 1 0 |a Membré, Michele,  |d 1509-1595  |x Travel  |z Iran. 
651 0 |a Iran  |x Description and travel  |v Early works to 1800. 
600 0 0 |a Ṭahmāsp  |b I,  |c Shah of Iran,  |d 1514-1576. 
651 0 |a Iran  |x History  |y 16th-18th centuries. 
651 0 |a Iran  |x Kings and rulers. 
700 1 |a Morton, A. H. 
710 2 |a Trustees of the "E.J.W. Gibb Memorial." 
948 |a cataloged  |b h  |c 2005/9/8  |d c  |e dmitchel  |f 9:10:20 am 
994 |a C0  |b TXA 
999 |a MARS 
999 f f |s 67a126a4-81d5-35c1-a49e-939b13f2fa6a  |i ff878ca9-daf8-3cd6-acde-b44588520032  |t 0 
952 f f |p ric  |a Texas A&M University  |b Rellis Campus  |c Joint Library Facility  |d Remote Storage  |t 0  |e DS257 .M4613 1999  |h Library of Congress classification  |i unmediated -- volume  |m A14832962285 
998 f f |a DS257 .M4613 1999  |t 0  |l Remote Storage